1674 1346 1751 1809 1521 1527 1023 1638 1378 1612 1877 1222 1638 1846 1680 1291 1941 1377 1582 1237 1020 1946 1038 1463 1626 1682 1595 1724 1749 1788 1911 1783 1718 1543 1345 1403 1545 1410 1933 1001 1949 1062 1586 1776 1355 1763 1643 1118 1705 1661 1442 1415 1413 1571 1698 1906 1254 1189 1754 1175 1529 1375 1484 1534 1155 1238 1259 1584 1478 1018 1726 1822 1891 1821 1976 1753 1934 1678 1623 1606 1405 1375 1497 1336 1112 1150 1278 1820 1982 1813 1636 1462 1694 1987 1350 1094 1437 1420 1427 BCNSPRNW ULIB Ver.6.0+V

เปลี่ยนเป็นภาษาไทย

Change to English
 แสดงรายละเอียดบรรณานุกรม
  กลับหน้าหลัก

Brief Record : Get Marc (ISO 2709) : E-mail record : QR code < ปิดหน้าต่าง
LEADER : 00000nam 2200000uu 4500
001    13399111741
003     ULIB
008    110707s2550||||th 000 0 tha d
020    9789747522495
050  4 D13^bป513บ 2550
100 0  ปองพล อดิเรกสาร
245 10 บันทึกการเดินทางสุดหล้าฟ้าเขียว กาลาปากอสและมาดากัสการ์ /^cปองพล อดิเรกสาร
246 31 กาลาปากอสและมาดากัสการ์
250    พิมพ์ครั้งที่ 1
260    กรุงเทพฯ :^bเอเรียส บุ๊คส์,^c2550
300    215 หน้า :^bภาพประกอบ ;^c22 ซม.
651  7 เอกวาดอร์^xภูมิประเทศและการท่องเที่ยว
651  7 มาดากัสการ์^xภูมิประเทศและการท่องเที่ยว
945    ^p280^l0^i023235
995    ทศพร
999 ^a ใช้งานได้ทุกระบบ
รายการนี้ยังไม่มีแท็ก
คุณยังไม่ได้ล็อกอิน คุณสามารถมีกิจกรรมร่วมกับเว็บไซต์ได้ แต่ต้องล็อกอินก่อน ::
  ล็อกอิน

รายการสื่อสารสนเทศ

ลำดับที่ ประเภท เลขเรียก/บาร์โค้ด สถานที่ สถานะ
- ไม่พบข้อมูล -

BibComment


ยังไม่เคยถูกคอมเมนท์

คอมเมนท์ทรัพยากรรายการนี้
  คอมเมนท์: บันทึกการเดินทางส..


 Copyright 2026. Bcnsprnw @Library